| 000 | 00798nam a2200265Ia 4500 | ||
|---|---|---|---|
| 001 | dia_2195 | ||
| 003 | CHAP | ||
| 005 | 20251021153033.0 | ||
| 008 | 220117s1973 xx 000 0 und d | ||
| 010 | _a172715 | ||
| 040 | _cCHAP | ||
| 082 | _a638.1972 F72 | ||
| 100 |
_aFranco Millán, Wenceslao _942969 |
||
| 245 |
_aManual de Apicultura / _c por Wenceslao Franco Millán |
||
| 260 |
_aChapingo, México : _b Dirección General de Extensión Agrícola, _c1973 |
||
| 300 | _a62 p. | ||
| 400 | _aMANUAL PARA EXTENSIONISTAS, 6 | ||
| 500 | _aFotocopia; reposición oct'95 | ||
| 650 |
_a1.Apicultura _xMéxico/ _9152369 |
||
| 650 |
_aAbejas. _9182 |
||
| 901 | _a638.1972 F72 | ||
| 902 | _aM | ||
| 905 | _a0000001973 CHAX 0000000000ESP00 | ||
| 942 |
_cLIBRO _2ddc |
||
| 999 |
_c172715 _d172715 |
||